| 000 | 00490nam a2200181Ia 4500 | ||
|---|---|---|---|
| 003 | GCL | ||
| 008 | 140319s9999 xx 000 0 eng d | ||
| 040 |
_aGCL / _cGCL |
||
| 082 | 0 | 4 |
_a709.1 _bS T |
| 100 | 1 | _aSCHIMMEL, ANNEMARIE | |
| 245 | 1 | 0 |
_aTERRES D'ESLAM AUX SOURCES DE L'OEIENT MUSULMAN / _cSCHIMMEL, ANNEMARIE |
| 260 |
_a[S.N] : _bLA RENA ISSANCE DU LIVRE ، _c1994 |
||
| 300 | _a167 P | ||
| 650 | 0 | 4 | _aART |
| 650 | 0 | 4 | _aART - MUSLIMAN |
| 650 | 0 | 4 | _aISLAM - ARTS |
| 942 |
_2ddc _cBK |
||
| 999 |
_c16379 _d16379 |
||